Cấu tạo kiến trúc
Đã lưu trong:
| 企業作者: | |
|---|---|
| 格式: | 圖書 |
| 語言: | Undetermined |
| 出版: |
Hà Nội
Xây dựng
2003
|
| 主題: | |
| 標簽: |
添加標簽
沒有標簽, 成為第一個標記此記錄!
|
| Thư viện lưu trữ: | Trung tâm Học liệu Trường Đại học Cần Thơ |
|---|
| LEADER | 00645nam a2200205Ia 4500 | ||
|---|---|---|---|
| 001 | CTU_64153 | ||
| 008 | 210402s9999 xx 000 0 und d | ||
| 020 | |b 38000 | ||
| 082 | |a 690.1 | ||
| 082 | |b B450 | ||
| 110 | |a Bộ Xây Dựng | ||
| 245 | 0 | |a Cấu tạo kiến trúc | |
| 245 | 0 | |c Bộ Xây Dựng. Công ty tư vấn xây dựng dân dụng Việt Nam | |
| 260 | |a Hà Nội | ||
| 260 | |b Xây dựng | ||
| 260 | |c 2003 | ||
| 650 | |a Buildings,Structural analysis ( engineering ) | ||
| 650 | |x Design and construction | ||
| 904 | |i TUYẾN | ||
| 980 | |a Trung tâm Học liệu Trường Đại học Cần Thơ | ||